LEADER 01031nam a2200229 i 4500 001 000000010133 003 CaOOAMICUS 005 20180830125440.0 008 180830s1978 it u000 u ita u 040 $aSeMil$bita 100 1 $aBartolomea : Capitanio .$0(OLS)http://semarc/name/4946 245 10$aScritti spirituali /$cBartolomea Capitanio. 260 $aRoma :$bCittà Nuova,$c1978-1979- 300 $a2 v. ;$c19 cm. 500 $aFondo Card. C.M. Martini. 650 4$aCapitanio, Bartolomea - Opere.$0(OLS)http://semarc/subject/1595 773 0 $tCollana di spiritualità.$dRoma : Città Nuova, [19--]$w()10182 774 0 $aBartolomea : Capitanio $tScritti.$kCollana di spiritualità$g2$w()118867 774 0 $aBartolomea : Capitanio $tScritti spirituali.$kCollana di spiritualità$g1$w()118869 941 1 $a4 996 $6245$aScritti spirituali$9(OLS)http://semarc/title/11247 996 $6260$aRoma :$bCittà Nuova$9(OLS)http://semarc/publisher/29609 LEADER 01253nam a2200253 i 4500 001 000000197110 003 CaOOAMICUS 005 20250915153026.0 008 110207s2004 it u000 u ita u 013 $a175796 040 $aSeMil$bita 245 13$aIl Cardinale Angelo Dell'Acqua nel Centenario della Nascita :$b1903-2003 /$cPrefazione del card. Giovanni Battista Re ; a cura di Mauro Lanfranchi. 260 $aSesto Calende :$bCentro culturale Card. Angelo Dell'Acqua,$c2004. 300 $a76 p. :$bill. ;$c24 cm. 500 $aTitolo e responsabilità presi dalla copertina. 600 14$aDell'Acqua, Angelo .$0(OLS)http://semarc/subject/11439 700 1 $aLanfranchi, Mauro,$d<1963- >.$0(OLS)http://semarc/name/45276 700 1 $aRe, Giovanni Battista,$c.$0(OLS)http://semarc/name/90558 850 $aSeMil 852 $aSeMil$W1$xVenegono$y1$m5A XII 9/9$j147669$B147669$CSeMilBibl$Z2$F159165 $81 961 $aOmaggio: Altro 996 $6245$aIl Cardinale Angelo Dell'Acqua nel Centenario della Nascita :$b1903-2003$9(OLS)http://semarc/title/284572 996 $6260$aSesto Calende :$bCentro culturale Card. Angelo Dell'Acqua$9(OLS)http://semarc/publisher/36257